Culture Générale - Série 384 - Statistiques

Statistiques générales
  • Ce quiz a été pris 268 fois
  • Le résultat moyen est 8 sur 10
Statistiques - réponses
Question Réponse % Correct
Quelle est la couleur des globules du sang appelés "hématies" ? Rouge
100%
Quel compositeur né à Salzbourg avait pour prénoms Wolfgang Amadeus ? Mozart
99%
Sous quel nom était plus connu Jean-Baptiste Poquelin ? Molière
96%
Dans quelle ville le président John Fitzgerald Kennedy a-t-il été assassiné ? Dallas
89%
Quel est le titre français de "Jaws", film culte d'épouvante de 1975, qui a changé notre vision de la baignade en mer ? Les Dents de la mer
89%
Dans quel club le footballeur Dominique Rocheteau s'illustra-t-il entre 1972 et 1980 ? L'AS Saint-Etienne
78%
Selon le titre d'une série avec Richard Chamberlain, pourquoi "Les oiseaux" se cachent-ils ? Pour mourir
77%
Quel gaz, composant principal de l'atmosphère, a pour symbole chimique "N" ? L'azote
76%
Quelle chambre du Parlement français siège au Palais-Bourbon ? L'Assemblée nationale
75%
De quelle série culte Monsieur Spock est-il l'un des héros ? Star Trek
65%
Aucun quiz correspondant
Distribution des résultats
% des personnes avec chaque résultat
Percentile par nombre de réponses
Votre historique - résultats
Vous n’avez pas pris ce quiz